City Picture Quiz - Statistics

General Stats
  • This quiz has been taken 17 times
  • The average score is 6 of 8
Answer Stats
Picture Answer % Correct
Paris
94%
Sydney
94%
Toronto
88%
London
82%
Rio de Janeiro
82%
New York City
71%
Cairo
41%
Tokyo
24%
No matching quizzes found
Score Distribution
Percent of People with Each Score
Percentile by Number Answered
Your Score History
You have not taken this quiz